| 000 | 00401nam a22001457a 4500 | ||
|---|---|---|---|
| 020 | _a9783319260921 | ||
| 040 | _cNUST | ||
| 082 | _a808.066 WAL | ||
| 100 |
_aWallwork, Adrian _998827 |
||
| 245 |
_aEnglish: _bfor Writing Research Papers |
||
| 250 | _a2nd Edition | ||
| 260 |
_aSwitzerland: _bSpringer, _c2016. |
||
| 650 |
_aEnglish: for Writing Research Papers.NUSTTB2022 _9102778 |
||
| 942 |
_2ddc _cBK |
||
| 999 |
_c591382 _d591382 |
||